|
|
|
|
| LEADER |
00000nab a2200000 a 4500 |
| 001 |
vtls009160575 |
| 003 |
SK-MaSNL |
| 005 |
20260304231039.0 |
| 008 |
250507c2004 xo |||||||||||000 b|slo |
| 015 |
|
|
|a SNBRA2007/11
|2 snkbucl
|
| 035 |
|
|
|a (uuid)19768b20-4db0-44ba-81f6-4098dfb6e553
|
| 035 |
|
|
|a urn:nbn:sk:snk-ab1170
|
| 035 |
|
|
|a (urnnbn)urn:nbn:sk:snk:ar-004yf9
|
| 038 |
|
|
|a SNKBUCL
|
| 040 |
|
|
|a SNKBUCL
|b slo
|c SNKBUCL
|e AACR2
|
| 041 |
0 |
|
|a eng
|b eng
|
| 044 |
|
|
|a xo
|c SK
|
| 080 |
|
|
|a 004.925.8:514
|2 2001
|
| 080 |
|
|
|a 514.181.2
|2 2001
|
| 080 |
|
|
|a 514.752.2
|2 2001
|
| 100 |
1 |
|
|a Kmeťová, Mária
|4 aut
|9 5696
|
| 245 |
1 |
0 |
|a Studying spline curves with methods of classical geometry
|c Mária Kmeťová
|
| 300 |
|
|
|b Sch.
|
| 504 |
|
|
|a Bibliogr. odkazy
|
| 546 |
|
|
|a Res. angl.
|
| 650 |
0 |
7 |
|a krivky (geometria)
|2 snkbucl
|9 113653
|
| 650 |
0 |
7 |
|a Bézierove krivky
|2 snkbucl
|9 1474938
|
| 650 |
0 |
7 |
|a klasická geometria
|2 snkbucl
|9 1564273
|
| 650 |
0 |
7 |
|a splajnové krivky
|2 snkbucl
|9 1037038
|
| 650 |
0 |
7 |
|a CAD
|2 SNKPH
|9 81537
|
| 650 |
0 |
7 |
|a geometrické modelovanie
|2 SNKPH
|9 1862
|
| 773 |
0 |
|
|t Acta mathematica 7
|d Nitra : Fakulta prírodných vied UKF, 2004
|g S. 105-110
|z 8080507554
|
| 850 |
|
|
|a Slovenská národná knižnica
|
| 852 |
|
|
|a Slovenská národná knižnica
|
| 958 |
|
|
|a article27
|
| 958 |
|
|
|a NB
|
| 958 |
|
|
|a OND
|
| 958 |
|
|
|a EUIPO
|
| 999 |
|
|
|c 3186921
|d 3188851
|